000 00710nam a2200253Ia 4500
003 OSt
005 20220918164931.0
006 a|||||r|||| 00| 0
007 ta
008 220917b |||||||| |||| 00| 0 eng d
020 _a0817302336
024 _a35,342
037 _cTextual
040 _aARTS
_cARTS
_beng
041 _2eng
_aeng
082 _aO111973,3;g, M5
100 _aGerlach John
_921784
245 0 _aToward the end
_b closure and structure in the American short story
260 _aAlabama
_bThe Univ Of Alabama Press
_c1985
300 _a193p.
_ccm.
650 _aENGLISH LITERATURE
942 _hO111973,3;g, M5
_cTEXL
_2CC
999 _c127505
_d127505